Vitajte u nás, drahí priatelia! Delegácia bratského leninského Komsomolu začala návštevu v ČSSR

Bibliographic Details
Main Authors: Petrák, Dušan (Author), Komár, Pavol (Author)
Format: Article
Language:Slovak
Subjects:

MARC

LEADER 00000nab a2200000 a 4500
001 vtls000231007
003 SK-MaSNL
005 20260305005631.0
008 111130c1985 xo 0 slo
015 |a SNBRB19rr/mm-uuuuu 
035 |a CL0241121 
040 |a SNKBUCL  |b slo  |c SNKBUCL  |e AACR2 
041 0 |a slo 
044 |a xo  |c SK 
080 |a 329.78(437)SZM:329.78(47)  |2 1981 
080 |a 329.78(47)  |2 1981 
100 1 |a Petrák, Dušan  |4 aut  |9 349279 
245 1 0 |a Vitajte u nás, drahí priatelia!  |b Delegácia bratského leninského Komsomolu začala návštevu v ČSSR  |c Dušan Petrák, Pavol Komár 
610 2 7 |a Socialistický zväz mládeže  |2 snkbucl  |9 51618 
610 2 7 |a Vsesojuznyj leninskij kommunističeskij sojuz moloďoži  |2 snkbucl  |9 186617 
655 7 |a články z novín a časopisov  |2 snkbucl  |9 267496 
700 1 |a Komár, Pavol  |4 aut  |9 625609 
773 0 |t Smena  |g Roč. 38, č. 251 (24. 10. 1985), s. 1 a 7 
850 |a Slovenská národná knižnica v Martine  |a MTA001 
852 |a SNK  |b KIS3GCP 
958 |a RK 
958 |a SU 
992 |a RBX 
999 |c 3241550  |d 3243480